000 00338nam a2200145Ia 4500
008 230917s9999||||xx |||||||||||||| ||und||
040 _e152868
_aMAIN
041 _aEnglish
082 _a294.12 R44R
100 _aSatvalekar, Damodar
245 0 _aRigveda Samhita
260 _aVaransi
_bSatvalekar
300 _a952p p.
942 _cBK
999 _c187357
_d187357